00386 2200157 4500245004500000020001800045250001100063100002300074650001600097005001900113260004200132041001400174084000800188300002300196336000900219 aTouche RosettacWindhy PuspitadewihText a9786020351162 aCet. 1 aWindhy Puspitadewi aNovel Fiksi a20230113072710 aJakartabGramedia Pustaka Utamac2017 aIndonesia a813 a200 hlm. :c20 cm. atext